<?xml version="1.0" encoding="UTF-8"?>
<collection xmlns="http://www.loc.gov/MARC21/slim">
    <record>
        <controlfield tag="001">67907</controlfield>
        <controlfield tag="005">20180223095058.0</controlfield>
        <datafield tag="037" ind1=" " ind2=" ">
            <subfield code="a">GDOC-2016-26910</subfield>
        </datafield>
        <datafield tag="041" ind1=" " ind2=" ">
            <subfield code="a">spa</subfield>
        </datafield>
        <datafield tag="100" ind1=" " ind2=" ">
            <subfield code="0">(orcid)0000-0001-6110-1081</subfield>
            <subfield code="1">111075</subfield>
            <subfield code="a">Gil Imaz, Andrés</subfield>
        </datafield>
        <datafield tag="245" ind1="0" ind2="0">
            <subfield code="9">26910</subfield>
            <subfield code="a">Geología</subfield>
        </datafield>
        <datafield tag="260" ind1=" " ind2=" ">
            <subfield code="a">Zaragoza</subfield>
            <subfield code="b">Universidad de Zaragoza</subfield>
            <subfield code="c">2016-2017</subfield>
        </datafield>
        <datafield tag="520" ind1=" " ind2=" ">
            <subfield code="a">Breve presentación de la asignatura
Con esta asignatura se pretende dotar a los futuros graduados en Física de los conocimientos básicos de Geología y tener un dominio suficiente de la terminología básica, además de capacitarlos para colaborar con profesionales del ámbito de Ciencias de la Tierra.
Con ella se pretende que el alumno entienda el planeta Tierra como un sistema dinámico y la Geología como ciencia dinámica, pluridisciplinar y aplicada, adquiriendo de modo comprensivo los conceptos, conocimientos y terminología básicos en Geología, así como las capacidades y destrezas básicas para leer e interpretar mapas topográficos y geológicos y realizar cortes sobre ellos.  Se introduce también al alumno en el trabajo de campo, en cuanto supone una de las principales fuentes de datos geológicos, enseñándole a aplicar los conocimientos teóricos y a realizar la toma de datos y observaciones de modo correcto y objetivo.</subfield>
            <subfield code="b"> </subfield>
        </datafield>
        <datafield tag="521" ind1=" " ind2=" ">
            <subfield code="9">124</subfield>
            <subfield code="a">Física</subfield>
        </datafield>
        <datafield tag="540" ind1=" " ind2=" ">
            <subfield code="a">by-nc-sa</subfield>
            <subfield code="b">Creative Commons</subfield>
            <subfield code="c">3.0</subfield>
            <subfield code="u">http://creativecommons.org/licenses/by-nc-sa/3.0/</subfield>
        </datafield>
        <datafield tag="700" ind1=" " ind2=" ">
            <subfield code="0">(orcid)0000-0001-7275-9321</subfield>
            <subfield code="1">139476</subfield>
            <subfield code="a">Gómez Jiménez, Javier</subfield>
        </datafield>
        <datafield tag="830" ind1=" " ind2=" ">
            <subfield code="9">447</subfield>
        </datafield>
        <datafield tag="856" ind1="4" ind2=" ">
            <subfield code="s">21368</subfield>
            <subfield code="u">http://zaguan.unizar.es/record/67907/files/guia-26910-es.pdf</subfield>
            <subfield code="y">Guía (idioma español)</subfield>
        </datafield>
        <datafield tag="856" ind1="4" ind2=" ">
            <subfield code="s">9427</subfield>
            <subfield code="u">http://zaguan.unizar.es/record/67907/files/guia-26910-en.pdf</subfield>
            <subfield code="y">Guide (english)</subfield>
        </datafield>
        <datafield tag="970" ind1=" " ind2=" ">
            <subfield code="a">GDOC-2016-26910</subfield>
        </datafield>
        <datafield tag="980" ind1=" " ind2=" ">
            <subfield code="a">GDOC</subfield>
            <subfield code="b">Ciencias</subfield>
            <subfield code="c">100</subfield>
        </datafield>
    </record>

    
</collection>